000 00481nam a2200193Ia 4500
005 20240823015652.0
008 240823s9999||||xx |||||||||||||| ||und||
020 _a81-7596-101-5
041 _aENGLISH
082 _A660.65 P4
100 _a"Nicholl Desmond,S T"
245 3 _aAn Introduction to Genetic Engineering
250 _a2nd
260 _c2002
_b"Foundation Books,New "
_aNew Delhi
500 _aYES
650 _aGenetic
_bGeneral
942 _cBK
999 _c172960
_d172960